[Event "Olimpiade 2014 - Open"]
[Site "Tromsø"]
[Date "14.08.2014"]
[Round "11.43"]
[Board "1"]
[White "Arias, Lemnys A."]
[Black "Batchuluun, Tsegmed"]
[Result "0-1"]
[WhiteTitle "IM"]
[BlackTitle "GM"]
[WhiteElo "2329"]
[BlackElo "2513"]
[WhiteTeam "El Salvador"]
[BlackTeam "Mongolia"]
[WhiteFideId "6700284"]
[BlackFideId "4900847"]
[EventDate "2014.08.02"]

1. e4 e5 2. Bc4 Nf6 3. Nc3 Bc5 4. Nf3 d6 5. d3 c6 6. a3 O-O 7. O-O Bb6 8. h3
Nbd7 9. Ba2 Re8 10. Be3 Nf8 11. Ng5 Re7 12. d4 Qe8 13. dxe5 dxe5 14. Bxb6 axb6
15. Qd6 h6 16. Nf3 Ng6 17. Rad1 Rd7 18. Qb4 b5 19. Rd6 Qf8 20. Rfd1 Rxd6 21.
Rxd6 Bd7 22. Rd1 c5 23. Qb3 c4 24. Qb4 Qxb4 25. axb4 Bc6 26. Nd2 Nxe4 27. Ndxe4
Bxe4 28. Nxe4 Rxa2 29. Rb1 Ra4 30. c3 Ra6 31. Rd1 Nf4 32. Nd6 Rb6 33. Nc8 Ra6
34. Nd6 Rb6 35. Nc8 Rf6 36. Rd2 Nd3 37. Na7 Rb6 38. g3 f5 39. Nc8 Re6 40. Na7
Rb6 41. Nc8 Re6 42. Na7 Ra6 43. Nxb5 Ra1+ 44. Kh2 Ne1 45. Rd8+ Kh7 46. f4 e4 47.
g4 Rb1 48. Nd4 Rxb2+ 49. Kg1 fxg4 50. hxg4 Nf3+ 51. Nxf3 exf3 52. Rd4 b5 53. f5
Rc2 54. Rd5 Rxc3 55. Kf2 Rc1 56. Kxf3 c3 57. Rc5 c2 58. Kg2 Kg8 59. Kh2 Kf7 60.
Rc6 Ke7 61. Kg2 Kd7 62. Rc5 Kd6 63. Kh2 Rb1 64. Rxc2 Rxb4 65. Kg3 Rc4 66. Ra2 b4
67. Ra7 Rc7 68. Ra6+ Kc5 69. f6 gxf6 70. Rxf6 Rc6 71. Rf5+ Kc4 72. Rf4+ Kc3 73.
Rf3+ Kb2 0-1

[Event "Olimpiade 2014 - Open"]
[Site "Tromsø"]
[Date "14.08.2014"]
[Round "11.43"]
[Board "2"]
[White "Khatanbaatar, Bazar"]
[Black "Arias, Daniel"]
[Result "1/2-1/2"]
[WhiteTitle "GM"]
[BlackTitle "FM"]
[WhiteElo "2390"]
[BlackElo "2126"]
[WhiteTeam "Mongolia"]
[BlackTeam "El Salvador"]
[WhiteFideId "4900332"]
[BlackFideId "6700640"]
[EventDate "2014.08.02"]

1. e4 c5 2. Nf3 d6 3. d4 cxd4 4. Nxd4 Nf6 5. Nc3 a6 6. Be3 e5 7. Nb3 Be6 8. Qd2
Be7 9. f3 h5 10. O-O-O Nbd7 11. Bd3 b5 12. h3 h4 13. f4 Rc8 14. f5 Bc4 15. Kb1
Qc7 16. Rhe1 Rb8 17. Qf2 b4 18. Ne2 Bb5 19. Nd2 a5 20. g4 hxg3 21. Qxg3 a4 22.
Rc1 Qa5 23. Bxb5 Qxb5 24. Ng1 Rc8 25. Bg5 Nh5 26. Qh4 Bxg5 27. Qxg5 Ndf6 28. Ne2
Rb8 29. Qe3 Ke7 30. Nf3 Rhc8 31. Ng5 Qb7 32. Red1 Rc6 33. b3 Ra8 34. Rd2 Qc7 35.
Rcd1 Rca6 36. bxa4 Rxa4 37. Qb3 Kf8 38. Rxd6 Rxa2 39. Rd8+ Ne8 40. Nc1 Ra1+ 41.
Kb2 Qc3+ 42. Qxc3 bxc3+ 43. Kxc3 Rxd8 44. Rxd8 Rxc1 45. Rd7 Nef6 46. Rxf7+ Ke8
47. Ra7 Rg1 48. h4 Rg4 49. Kd3 Rxh4 50. Ra8+ Kd7 51. Ra7+ Kc6 52. Re7 Rg4 53.
Nf7 Rg3+ 54. Kc4 Nxe4 55. Nxe5+ Kd6 56. Re6+ Kc7 57. Re7+ Kd6 58. Re6+ Kc7 59.
Re7+ Kd6 60. Re6+ 1/2-1/2

[Event "Olimpiade 2014 - Open"]
[Site "Tromsø"]
[Date "14.08.2014"]
[Round "11.43"]
[Board "3"]
[White "Burgos Figueroa, Carlos E."]
[Black "Battulga, Namkhai"]
[Result "1/2-1/2"]
[WhiteTitle "IM"]
[BlackTitle "IM"]
[WhiteElo "2258"]
[BlackElo "2411"]
[WhiteTeam "El Salvador"]
[BlackTeam "Mongolia"]
[WhiteFideId "6700187"]
[BlackFideId "4900880"]
[EventDate "2014.08.02"]

1. e4 c5 2. c4 Nc6 3. Nc3 g6 4. g3 Bg7 5. Bg2 h5 6. h3 h4 7. g4 e5 8. d3 d6 9.
Nge2 Nge7 10. f4 exf4 11. Bxf4 Be6 12. Qd2 Ne5 13. Rf1 N7c6 14. Rd1 Qa5 15. a3
a6 16. Bg5 b5 17. cxb5 axb5 18. Bf6 Bxf6 19. Rxf6 b4 20. axb4 Qxb4 21. Rf2 Bb3
22. Rc1 Nd4 23. Nf4 O-O 24. Kf1 Ra7 25. Qe3 Kg7 26. Nh5+ Kh7 27. Nf6+ Kg7 28.
Nh5+ Kh7 29. Nf6+ Kg7 30. Nh5+ Kh7 31. Nf6+ 1/2-1/2

[Event "Olimpiade 2014 - Open"]
[Site "Tromsø"]
[Date "14.08.2014"]
[Round "11.43"]
[Board "4"]
[White "Gundavaa, Bayarsaikhan"]
[Black "Chavez, Ricardo Ernesto"]
[Result "1-0"]
[WhiteTitle "GM"]
[BlackTitle "FM"]
[WhiteElo "2501"]
[BlackElo "2165"]
[WhiteTeam "Mongolia"]
[BlackTeam "El Salvador"]
[WhiteFideId "4901045"]
[BlackFideId "6700098"]
[EventDate "2014.08.02"]

1. e4 d6 2. d4 g6 3. Nc3 Bg7 4. Nf3 a6 5. a4 b6 6. Bd3 e6 7. Bg5 Ne7 8. Qd2 h6
9. Be3 Nd7 10. O-O Bb7 11. h3 Nf6 12. Rfe1 g5 13. d5 e5 14. Nh2 Ng6 15. a5 b5
16. Nxb5 axb5 17. Bxb5+ Kf8 18. Qd3 Nf4 19. Qc4 Rc8 20. Red1 Kg8 21. b4 h5 22.
Bc6 Ba8 23. b5 Nd7 24. Nf1 g4 25. h4 Bf6 26. Rdb1 Bxh4 27. b6 cxb6 28. axb6 Nc5
29. Rxa8 Rxa8 30. Bxa8 Qxa8 31. Bxc5 dxc5 32. b7 Qb8 33. Ne3 g3 34. fxg3 Bxg3
35. Qb5 Kh7 36. Qd7 Qg8 37. b8=Q Qxb8 38. Qxf7+ Kh6 39. Nf5+ 1-0

[Event "Olimpiade 2014 - Open"]
[Site "Tromsø"]
[Date "14.08.2014"]
[Round "11.44"]
[Board "1"]
[White "Mandizha, Farai"]
[Black "Zaibi, Amir"]
[Result "0-1"]
[WhiteTitle "IM"]
[BlackTitle "FM"]
[WhiteElo "2388"]
[BlackElo "2297"]
[WhiteTeam "Zimbabwe"]
[BlackTeam "Tunisia"]
[WhiteFideId "11000430"]
[BlackFideId "5500796"]
[EventDate "2014.08.02"]

1. Nf3 d5 2. d4 c6 3. Bf4 Qb6 4. Qc1 Bf5 5. e3 Nf6 6. Nh4 Bd7 7. Be2 e6 8. O-O
c5 9. Nf3 Nc6 10. c3 Nh5 11. Bg5 h6 12. Bh4 g5 13. Bg3 Nxg3 14. hxg3 Bg7 15.
Nbd2 cxd4 16. exd4 Rc8 17. Qb1 g4 18. Ne1 h5 19. Nd3 Ne7 20. Re1 Bb5 21. a4 Bxd3
22. Bxd3 a6 23. Nf1 Qd6 24. Qd1 Rh6 25. Qd2 Kf8 26. Ra3 Nc6 27. Re2 Rh8 28. Qg5
Qe7 29. Qxe7+ Kxe7 30. Ne3 Kd6 31. Ra1 Rb8 32. Bc2 Rhc8 33. f3 gxf3 34. gxf3 Rh8
35. Rh2 Bf6 36. Kf2 h4 37. g4 Bg5 38. Rh3 b5 39. axb5 axb5 40. Ng2 b4 41. f4 Bd8
42. Ke2 bxc3 43. bxc3 Ba5 44. Kd3 Rhc8 45. Ne3 Bd8 46. Ra6 Ra8 47. Ra4 Rxa4 48.
Bxa4 Na5 49. g5 f6 50. g6 f5 51. Be8 Bf6 52. Bf7 Rh8 53. Ke2 Nc6 54. Ng2 Ke7 55.
Ne1 Nd8 56. Nf3 Nxf7 57. gxf7 Kxf7 58. Rh2 Ke7 59. Rg2 Ra8 60. Kd3 Rh8 61. Ke3
Kf7 62. Ke2 Rc8 63. Kd3 Rg8 64. Rxg8 Kxg8 65. Ke2 Kg7 66. Ng1 Kg6 67. Nh3 Bd8
68. Nf2 Ba5 69. Kd3 Kh5 70. Kd2 Bc7 71. Ke3 Bb6 72. Kd2 Ba7 73. Ke3 Bb8 74. Kf3
Bd6 75. Nh3 Be7 76. Nf2 Bd8 77. Ke3 Bc7 78. Kf3 Ba5 79. Nd1 h3 80. Kg3 h2 81.
Kxh2 Kg4 82. Kg2 Kxf4 83. Kf2 Bd8 84. Ke2 Kg3 85. Ne3 f4 86. Nf1+ Kg2 87. Nd2
Ba5 88. Nf3 Bxc3 89. Nh4+ Kg3 90. Nf3 Bb2 91. Ng5 Bxd4 92. Nxe6 f3+ 93. Kf1 Be3
94. Nc7 d4 95. Nd5 Kg4 96. Ke1 Kf5 97. Nb6 Ke4 98. Nc4 Kd5 99. Nb2 Bg5 100. Nd1
Bh4+ 101. Kd2 Ke4 102. Nb2 Be7 103. Ke1 d3 104. Nd1 Bb4+ 105. Kf1 d2 106. Nb2
Bc3 107. Nd1 Bd4 108. Ne3 Kxe3 0-1

[Event "Olimpiade 2014 - Open"]
[Site "Tromsø"]
[Date "14.08.2014"]
[Round "11.44"]
[Board "2"]
[White "Amdouni, Zoubaier"]
[Black "Makoto, Rodwell"]
[Result "0-1"]
[WhiteTitle "FM"]
[BlackTitle "IM"]
[WhiteElo "2350"]
[BlackElo "2279"]
[WhiteTeam "Tunisia"]
[BlackTeam "Zimbabwe"]
[WhiteFideId "5500419"]
[BlackFideId "11000120"]
[EventDate "2014.08.02"]

1. e4 e5 2. Bc4 Nf6 3. Nc3 Bc5 4. d3 c6 5. f4 b5 6. Bb3 d6 7. Nf3 Nbd7 8. Qe2 a5
9. a4 b4 10. Nd1 O-O 11. Ne3 exf4 12. Nf5 Ne5 13. N5h4 Ba6 14. Bxf4 Nxf3+ 15.
Qxf3 Nd5 16. Nf5 Nxf4 17. Qxf4 Qf6 18. O-O-O Bd4 19. Kb1 g6 20. Nh6+ Kg7 21. Qd2
Qh4 22. Nxf7 Rxf7 23. Bxf7 Kxf7 24. Rdf1+ Kg8 25. g3 Qe7 26. h4 Bg7 27. Qg5 Qxg5
28. hxg5 Bc8 29. Rh2 Be5 30. c3 Bxg3 31. Rc2 c5 32. d4 Bb7 33. Rf3 Bxe4 34. Rxg3
b3 35. Re3 bxc2+ 36. Kc1 Bf5 37. dxc5 dxc5 38. Re1 c4 39. Rg1 Rd8 0-1

[Event "Olimpiade 2014 - Open"]
[Site "Tromsø"]
[Date "14.08.2014"]
[Round "11.44"]
[Board "3"]
[White "Masango, Spencer"]
[Black "Boudriga, Med Ali"]
[Result "1/2-1/2"]
[BlackTitle "FM"]
[WhiteElo "2155"]
[BlackElo "2282"]
[WhiteTeam "Zimbabwe"]
[BlackTeam "Tunisia"]
[WhiteFideId "14300753"]
[BlackFideId "5500460"]
[EventDate "2014.08.02"]

1. Nf3 g6 2. d4 Bg7 3. c4 c5 4. Nc3 cxd4 5. Nxd4 Nc6 6. e3 Nf6 7. Be2 O-O 8. O-O
d6 9. b3 Bd7 10. Bb2 a6 11. Qd2 Qa5 12. Rad1 Rfc8 13. Bf3 Rab8 14. Rfe1 h6 15.
h3 Qg5 16. Nxc6 bxc6 17. e4 Qxd2 18. Rxd2 Ne8 19. e5 Be6 20. exd6 exd6 21. Nd1
Bxb2 22. Nxb2 d5 23. cxd5 cxd5 24. Bxd5 Bxd5 25. Rxd5 Rc2 26. Nd3 Rxa2 27. Nc5
Rc8 28. Re7 Ng7 29. Ra7 Re8 30. Rxa6 Re1+ 31. Kh2 Rxf2 32. Rd8+ Re8 33. Rxe8+
Nxe8 34. Ra8 Re2 35. b4 Kg7 36. b5 Nc7 37. Ra5 Rb2 38. Ra7 Nxb5 39. Rb7 Rb1 40.
Ne6+ Kg8 41. Rb8+ Kh7 42. Rb7 Rf1 43. Nf8+ Kg7 44. Nxg6 Nd6 45. Rd7 Nc4 46. Nh4
Ne5 47. Ra7 Ng6 48. Nxg6 Kxg6 49. Ra6+ Kg7 50. Ra7 Rf6 51. Ra3 Re6 1/2-1/2

[Event "Olimpiade 2014 - Open"]
[Site "Tromsø"]
[Date "14.08.2014"]
[Round "11.45"]
[Board "1"]
[White "Lodhi, Mahmood"]
[Black "Gonzalez Acosta, Bernal"]
[Result "1/2-1/2"]
[WhiteTitle "IM"]
[BlackTitle "IM"]
[WhiteElo "2335"]
[BlackElo "2469"]
[WhiteTeam "Pakistan"]
[BlackTeam "Costa Rica"]
[WhiteFideId "7800010"]
[BlackFideId "6500170"]
[EventDate "2014.08.02"]

1. d4 Nf6 2. Nf3 e6 3. g3 b5 4. Bg2 d5 5. O-O Bb7 6. a4 b4 7. a5 Be7 8. c3 bxc3
9. Nxc3 O-O 10. Na4 Nbd7 11. Bd2 Ba6 12. b4 Rb8 13. Rb1 Ne4 14. Re1 c6 15. Qc2
Bd6 16. Bf1 Qe7 17. Nc5 Ndxc5 18. bxc5 Bc7 19. Red1 Bb5 20. Be1 a6 21. Kg2 Qd8
22. Qa2 g5 23. Qa3 f5 24. Ne5 f4 25. f3 Nf6 26. g4 h5 27. h3 hxg4 28. hxg4 Kg7
29. Bd2 Nd7 30. Nxd7 Qxd7 31. e3 fxe3 32. Qxe3 Bf4 33. Qf2 Bxf1+ 34. Rxf1 Qc7
35. Rb6 Rh8 36. Bxf4 Qxf4 37. Qg3 Rxb6 38. axb6 Qxd4 39. b7 e5 40. Rb1 Rb8 41.
Qe1 Kf6 42. Qe2 e4 43. fxe4 Qxe4+ 44. Qxe4 dxe4 45. Rb6 Ke5 46. Rxc6 Rxb7 47.
Rxa6 Rb2+ 48. Kg3 Rb3+ 49. Kf2 Rc3 50. Rg6 Kf4 51. Rf6+ Kxg4 52. c6 Rc4 53. Ke3
Kg3 54. Re6 g4 55. Rg6 Kh3 56. Kf4 Kg2 57. Rxg4+ Kf2 58. Ke5 Kf3 59. Rf4+ Ke3
60. Rf6 Kd3 61. Rd6+ Kc3 62. Kd5 e3 63. Re6 Rd4+ 64. Kc5 Kd3 65. c7 Rc4+ 66. Kd6
e2 67. Kd7 Kd2 68. c8=Q Rxc8 69. Rxe2+ Kxe2 70. Kxc8 1/2-1/2

[Event "Olimpiade 2014 - Open"]
[Site "Tromsø"]
[Date "14.08.2014"]
[Round "11.45"]
[Board "2"]
[White "Valdes Romero, Leonardo"]
[Black "Mirza, Shahzad"]
[Result "1-0"]
[WhiteTitle "IM"]
[BlackTitle "IM"]
[WhiteElo "2406"]
[BlackElo "2268"]
[WhiteTeam "Costa Rica"]
[BlackTeam "Pakistan"]
[WhiteFideId "6500331"]
[BlackFideId "7800088"]
[EventDate "2014.08.02"]

1. Nf3 b6 2. g3 Bb7 3. Bg2 g6 4. c4 c5 5. O-O Bg7 6. Nc3 Nc6 7. e3 Nf6 8. d4
cxd4 9. exd4 O-O 10. Ne5 Qc8 11. b3 Nxe5 12. dxe5 Ne8 13. Nd5 Bxd5 14. Bxd5 Rb8
15. Ba3 Qd8 16. Re1 d6 17. exd6 Nxd6 18. Rc1 Bf6 19. Qf3 Qd7 20. Rcd1 Kg7 21. g4
Qc7 22. Qg3 Kg8 23. Rd3 Rbd8 24. Rf3 Rd7 25. g5 Bg7 26. Rxe7 Rxe7 27. Bxd6 Qd8
28. Bxe7 Qxe7 29. Re3 Qc5 30. Kg2 Bd4 31. Rf3 Qe7 32. Qh4 Bc5 33. Qg4 Kg7 34.
Rf6 Qe5 35. h4 h6 36. Rf3 hxg5 37. hxg5 Be7 38. Rg3 a5 39. Qe4 Qxe4+ 40. Bxe4
Re8 41. Bc6 Rf8 42. Bd5 Bc5 43. Rg4 f6 44. gxf6+ Rxf6 45. f3 Bd6 46. Re4 g5 47.
Be6 Rf4 48. Re2 Kf6 49. Bd5 Be5 50. Kf2 g4 51. Kg2 gxf3+ 52. Bxf3 Rh4 53. Kg1
Rf4 54. Bd5 Rd4 55. Kf2 Rh4 56. Ke3 Rh2 57. Bg2 Rh4 58. Kd3 Rf4 59. a3 Rg4 60.
Bf3 Rf4 61. Bd5 Rg4 62. Rf2+ Rf4 63. Rg2 Bd6 64. Re2 Be5 65. Kc2 Rh4 66. Rf2+
Rf4 67. Rg2 Bd4 68. Kd3 Bc5 69. Re2 Rh4 70. b4 Rh3+ 71. Kc2 axb4 72. axb4 Be3
73. Kb3 b5 74. cxb5 Bc1+ 75. Kc4 Re3 76. Rc2 Re1 77. b6 Bf4 78. Rf2 Ke5 79. b7
Rc1+ 80. Kb5 Kd4 1-0

[Event "Olimpiade 2014 - Open"]
[Site "Tromsø"]
[Date "14.08.2014"]
[Round "11.46"]
[Board "1"]
[White "Zambrana, Oswaldo"]
[Black "Salih, Akar Ali Salih"]
[Result "1/2-1/2"]
[WhiteTitle "GM"]
[BlackTitle "FM"]
[WhiteElo "2472"]
[BlackElo "2315"]
[WhiteTeam "Bolivia"]
[BlackTeam "Iraq"]
[WhiteFideId "3300200"]
[BlackFideId "4800575"]
[EventDate "2014.08.02"]

1. e4 c5 2. Nf3 d6 3. d4 cxd4 4. Nxd4 Nf6 5. Nc3 a6 6. Bg5 e6 7. Qe2 h6 8. Bh4
Be7 9. O-O-O Nxe4 10. Nxe4 Bxh4 11. Nf5 exf5 12. Nxd6+ Kf8 13. Nxf7 Bg5+ 14. f4
Bxf4+ 15. Kb1 Kxf7 16. Rxd8 Rxd8 17. Qf3 Bg5 18. Bc4+ Kg6 19. h4 Bf6 20. g4 Nc6
21. g5 Be5 22. gxh6 Kxh6 23. Rg1 Rd4 24. Bf7 Rxh4 25. Bd5 Bd4 26. Qg3 Rg4 27.
Qd6+ Bf6 28. Rh1+ Kg5 29. Bf7 g6 30. Qh2 f4 31. Bxg6 Bg7 32. Bh5 Ne5 33. Bxg4
Bxg4 34. Qh4+ Kf5 35. Qh7+ Kf6 36. Qe4 f3 37. Qxb7 Rd8 38. Qb6+ Ke7 39. Qxa6 Bf5
40. Qa7+ Rd7 41. Qc5+ Kf7 42. a4 Rd2 43. Qc7+ Kg6 44. Qb6+ Kf7 45. Qc7+ Kg6 46.
Qb6+ Kf7 1/2-1/2

[Event "Olimpiade 2014 - Open"]
[Site "Tromsø"]
[Date "14.08.2014"]
[Round "11.46"]
[Board "2"]
[White "Noah, A .H. Al-Ali"]
[Black "Gemy, Jose Daniel"]
[Result "0-1"]
[WhiteTitle "IM"]
[BlackTitle "IM"]
[WhiteElo "2326"]
[BlackElo "2332"]
[WhiteTeam "Iraq"]
[BlackTeam "Bolivia"]
[WhiteFideId "4800249"]
[BlackFideId "3301478"]
[EventDate "2014.08.02"]

1. Nf3 d5 2. g3 Nf6 3. Bg2 c6 4. O-O Bf5 5. d3 h6 6. Nbd2 e6 7. b3 Nbd7 8. Bb2
Bc5 9. Qe1 O-O 10. e4 dxe4 11. dxe4 Bh7 12. a3 a5 13. e5 Nd5 14. c4 N5b6 15. Qe2
Be7 16. Qe3 Qc7 17. Rfe1 Rfd8 18. Bf1 Bf5 19. Ne4 Bg4 20. Nfd2 Nxe5 21. h3 Bh5
22. Bxe5 Qxe5 23. Qxb6 f5 24. Ng5 Qc3 25. Nxe6 Rxd2 26. Qxb7 Re8 27. Nf4 Bc5 28.
Nxh5 Bxf2+ 29. Kh1 Bxe1 30. Qxc6 Rdd8 31. Rd1 Qe5 32. Rd5 Rxd5 33. cxd5 Kh7 34.
Bd3 Rf8 35. Kg2 Qb2+ 36. Qc2 Qxc2+ 37. Bxc2 g6 38. Nf4 Rd8 39. Bd3 Bd2 40. Bc4
Bc1 41. Ne6 Rb8 42. a4 Ba3 43. Bb5 Kg8 44. Nd4 Bd6 45. Nf3 Kg7 46. Nd2 Bb4 47.
Nc4 Rd8 48. d6 Bxd6 49. Nxa5 Bc7 50. Nc6 Rd2+ 51. Kf3 Rc2 52. Bc4 Rc3+ 53. Ke2
Rxg3 54. a5 Rxh3 55. a6 Bb6 56. b4 f4 57. Bd5 Re3+ 58. Kd2 f3 59. a7 Bxa7 60.
Nxa7 f2 61. Bg2 Re1 62. b5 f1=Q 63. Bxf1 Rxf1 64. Nc6 h5 0-1

[Event "Olimpiade 2014 - Open"]
[Site "Tromsø"]
[Date "14.08.2014"]
[Round "11.46"]
[Board "3"]
[White "Cueto, Jonny"]
[Black "Mohammed, Zozek Salah Mohammed"]
[Result "1-0"]
[WhiteTitle "IM"]
[BlackTitle "CM"]
[WhiteElo "2283"]
[BlackElo "2226"]
[WhiteTeam "Bolivia"]
[BlackTeam "Iraq"]
[WhiteFideId "3300145"]
[BlackFideId "4803361"]
[EventDate "2014.08.02"]

1. b4 Nf6 2. Bb2 e6 3. a3 d5 4. Nf3 c5 5. bxc5 Bxc5 6. e3 Nc6 7. d4 Bd6 8. Bd3
O-O 9. O-O b6 10. Nbd2 Bb7 11. c4 Rc8 12. cxd5 exd5 13. Ne5 Qe7 14. f4 Na5 15.
Rf3 Ne4 16. Rh3 Rc7 17. Qh5 h6 18. Nxe4 dxe4 19. Bb1 Nc4 20. Nxc4 Rxc4 21. Rg3
Kh7 22. d5 Rg8 23. Qg4 g6 24. Rh3 Bc8 25. Qe2 Rc5 26. g4 Rxd5 27. Ba2 Ra5 28.
Qg2 Bxa3 29. Bxf7 Qxf7 30. Rxa3 Rxa3 31. Rxh6+ 1-0

[Event "Olimpiade 2014 - Open"]
[Site "Tromsø"]
[Date "14.08.2014"]
[Round "11.46"]
[Board "4"]
[White "Al-Khattab, Ghassan M. Ali Ajmed"]
[Black "Monroy G., Javier A."]
[Result "1-0"]
[WhiteTitle "FM"]
[WhiteElo "2140"]
[BlackElo "2150"]
[WhiteTeam "Iraq"]
[BlackTeam "Bolivia"]
[WhiteFideId "4800168"]
[BlackFideId "3302067"]
[EventDate "2014.08.02"]

1. e4 e6 2. d4 d5 3. Nc3 Bb4 4. a3 Bxc3+ 5. bxc3 dxe4 6. Qg4 g6 7. Qxe4 Nf6 8.
Qh4 Nbd7 9. Bg5 c6 10. Nf3 h6 11. Bd3 Qa5 12. Bxf6 Qxc3+ 13. Ke2 Rh7 14. Bg5 Qa5
15. Bd2 Qa4 16. Qg3 b6 17. Rhe1 Ba6 18. Kf1 O-O-O 19. Bxa6+ Qxa6+ 20. Kg1 Qc4
21. c3 c5 22. Qd6 Nb8 23. Ne5 Rxd6 24. Nxc4 Rd8 25. dxc5 bxc5 26. Be3 Na6 27.
Red1 Rd5 28. Bf4 g5 29. Be5 f5 30. f4 Kd7 31. Ne3 Rxd1+ 32. Rxd1+ Kc8 33. Rd6
Nc7 34. Rc6 Kb7 35. Rxc5 g4 36. Nc4 Nd5 37. Nd6+ Kb6 38. Rc8 Ka5 39. c4 Nb6 40.
Re8 Ka4 41. Rxe6 Kxa3 42. c5 Nd5 43. c6 Kb4 44. Ne8 1-0

[Event "Olimpiade 2014 - Open"]
[Site "Tromsø"]
[Date "14.08.2014"]
[Round "11.47"]
[Board "1"]
[White "Wang, Puchen"]
[Black "Kurukulasuriya, Prasanna"]
[Result "1-0"]
[WhiteTitle "IM"]
[BlackTitle "FM"]
[WhiteElo "2449"]
[BlackElo "2063"]
[WhiteTeam "New Zealand"]
[BlackTeam "Sri Lanka"]
[WhiteFideId "4300904"]
[BlackFideId "9901248"]
[EventDate "2014.08.02"]

1. d4 Nf6 2. c4 g6 3. Nc3 Bg7 4. e4 d6 5. Be2 O-O 6. Bg5 c5 7. d5 a6 8. Qd2 b5
9. cxb5 Qa5 10. b6 Qxb6 11. Nf3 Bg4 12. O-O Nbd7 13. Rab1 Rfb8 14. Qc2 Rb7 15.
h3 Bxf3 16. Bxf3 Rab8 17. Be2 Qa7 18. Rfe1 Ne5 19. Bd2 Nfd7 20. b3 Nf6 21. Be3
Ne8 22. a3 Qa8 23. Na2 Rc8 24. Rec1 Rbb8 25. Qd2 Nf6 26. f3 a5 27. Nc3 Rb7 28.
a4 c4 29. f4 Nd3 30. Bxd3 cxd3 31. Qxd3 Rbc7 32. Nb5 Rxc1+ 33. Rxc1 Rxc1+ 34.
Bxc1 Nd7 35. Be3 Nb8 36. Qc4 Qb7 37. Kf2 Bb2 38. Ke2 Kf8 39. Bd2 f5 40. exf5 Kf7
41. fxg6+ hxg6 42. Bxa5 Bf6 43. Bd2 Qb6 44. Be3 Qd8 45. Qc7 Qh8 46. Nxd6+ Kg7
47. Ne4 Na6 48. Qc4 Qh5+ 49. Kf2 Bh4+ 50. g3 Nb8 51. gxh4 Nd7 52. Qc3+ Kg8 53.
Qc8+ Nf8 54. d6 exd6 55. Nf6+ 1-0

[Event "Olimpiade 2014 - Open"]
[Site "Tromsø"]
[Date "14.08.2014"]
[Round "11.47"]
[Board "2"]
[White "Galappaththi, Chinthaka Anuruddh"]
[Black "Dive, Russell John"]
[Result "1/2-1/2"]
[WhiteTitle "CM"]
[BlackTitle "IM"]
[WhiteElo "2125"]
[BlackElo "2318"]
[WhiteTeam "Sri Lanka"]
[BlackTeam "New Zealand"]
[WhiteFideId "9900438"]
[BlackFideId "4300106"]
[EventDate "2014.08.02"]

1. d4 Nf6 2. Nf3 b6 3. e3 Bb7 4. Bd3 c5 5. O-O e6 6. Nbd2 cxd4 7. exd4 Be7 8.
Qe2 O-O 9. c3 Qc7 10. Re1 Re8 11. Nf1 Nc6 12. Ng3 Rac8 13. Bg5 Nb8 14. Bxf6 Bxf6
15. Nh5 Qd8 16. Ne5 g6 17. Nxf6+ Qxf6 18. Ng4 Qg7 19. Qe3 h5 20. Ne5 d6 21. Nc4
Red8 22. Qg3 Rc6 23. Rad1 Ba6 24. Ne3 Bxd3 25. Rxd3 d5 26. Nc2 Rcc8 27. Rde3 Nc6
28. R3e2 b5 29. a3 a5 30. Qd3 Rb8 31. b4 Rdc8 32. h3 Qf6 33. Na1 a4 34. Nc2 Ne7
35. Rc1 Nf5 36. Qd2 Nd6 37. Ne1 Qf5 38. Qd3 Ne4 39. Rec2 Rb6 40. f3 Ng3 41. Qxf5
Nxf5 42. Kf2 h4 43. Nd3 g5 44. Nc5 Kg7 45. Re2 Rh8 46. Ke1 Rh6 47. Kd1 Nd6 48.
Kc2 Nc4 49. Ra1 Rb8 50. Kb1 Re8 51. Ka2 Kf8 52. Rae1 Ke7 53. Nd3 1/2-1/2

[Event "Olimpiade 2014 - Open"]
[Site "Tromsø"]
[Date "14.08.2014"]
[Round "11.47"]
[Board "3"]
[White "Li, Zuhao Luke"]
[Black "Perera, W C C"]
[Result "0-1"]
[WhiteTitle "FM"]
[BlackTitle "CM"]
[WhiteElo "2365"]
[BlackElo "2081"]
[WhiteTeam "New Zealand"]
[BlackTeam "Sri Lanka"]
[WhiteFideId "4303431"]
[BlackFideId "9902600"]
[EventDate "2014.08.02"]

1. d4 g6 2. c4 Bg7 3. Nf3 d6 4. Nc3 Nf6 5. e4 O-O 6. Be2 e5 7. O-O Nc6 8. Be3
Ng4 9. Bg5 f6 10. Bc1 Nh6 11. d5 Ne7 12. Ne1 f5 13. f3 f4 14. Nd3 g5 15. g4 c5
16. Rb1 a5 17. a3 Nf7 18. Kh1 h5 19. h3 Bf6 20. Rf2 Kg7 21. Rh2 Rh8 22. Bd2 Rh7
23. Qg1 Ng6 24. Be1 Bd7 25. Bf2 b6 26. b4 axb4 27. axb4 Ra3 28. Qc1 Qa8 29. bxc5
bxc5 30. Nxc5 dxc5 31. Bxc5 Ra6 32. Bg1 hxg4 33. hxg4 Rxh2+ 34. Kxh2 Bxg4 35.
fxg4 f3 36. Bf1 Qh8+ 37. Kg3 Qh4+ 38. Kxf3 Nh6 39. c5 Qxg4+ 40. Kf2 Ra8 41. Qe3
Ra3 42. Rc1 Bd8 43. d6 Ba5 44. c6 Bb6 45. Qxb6 Qf4+ 46. Ke2 Qxc1 47. Be3 Qc2+
48. Kf3 Qh2 49. Qc7+ Nf7 50. Nd5 Qh5+ 51. Kf2 Ra2+ 52. Ke1 Qh4+ 53. Kd1 Qh1 54.
Ke1 Nh4 0-1

[Event "Olimpiade 2014 - Open"]
[Site "Tromsø"]
[Date "14.08.2014"]
[Round "11.47"]
[Board "4"]
[White "Alahakoon, Isuru"]
[Black "Ker, Anthony F"]
[Result "1-0"]
[BlackTitle "IM"]
[WhiteElo "2120"]
[BlackElo "2316"]
[WhiteTeam "Sri Lanka"]
[BlackTeam "New Zealand"]
[WhiteFideId "9900993"]
[BlackFideId "4300084"]
[EventDate "2014.08.02"]

1. e4 d6 2. Nc3 g6 3. f4 Bg7 4. Nf3 Nf6 5. Bc4 Nxe4 6. Bxf7+ Kxf7 7. Nxe4 Rf8 8.
d4 Kg8 9. O-O e6 10. c3 Nd7 11. Qb3 Nf6 12. Neg5 Re8 13. Re1 Qe7 14. c4 c6 15.
Bd2 Rb8 16. Qa3 b6 17. Bb4 c5 18. Bc3 Qc7 19. d5 exd5 20. Bxf6 Rxe1+ 21. Rxe1
Bxf6 22. Re8+ Kg7 23. cxd5 Bf5 24. Ne6+ Bxe6 25. Rxe6 Rf8 26. Qe3 Rf7 27. g4
Bxb2 28. Kg2 Bf6 29. g5 Be7 30. h4 Bf8 31. h5 gxh5 32. g6 hxg6 33. Ng5 Qb7 34.
Qd3 Rf5 35. Qc3+ Kg8 36. Rxg6+ Bg7 37. Ne6 Rf7 38. Qf3 Qa6 39. f5 Qxa2+ 40. Kh3
Qb1 41. Rg5 c4 42. f6 Qb3 43. Qg3 b5 44. Kh4 Qxg3+ 45. Rxg3 b4 46. Nxg7 b3 47.
Ne6+ Kh8 48. Kg5 b2 49. Rg1 Rb7 50. Rb1 c3 51. Nd4 Rb4 52. f7 Kg7 53. Rf1 Rb8
54. Ne6+ Kh7 55. Rh1 Rg8+ 56. fxg8=Q+ Kxg8 57. Kg6 c2 58. Rf1 1-0

[Event "Olimpiade 2014 - Open"]
[Site "Tromsø"]
[Date "14.08.2014"]
[Round "11.48"]
[Board "1"]
[White "Kulpruethanon, Thanadon"]
[Black "Khairallah, Faisal"]
[Result "0-1"]
[BlackTitle "FM"]
[WhiteElo "2143"]
[BlackElo "2307"]
[WhiteTeam "Thailand"]
[BlackTeam "Lebanon"]
[WhiteFideId "6201610"]
[BlackFideId "4628250"]
[EventDate "2014.08.02"]

1. Nf3 d5 2. g3 Nc6 3. d4 Bg4 4. Bg2 Qd7 5. Nbd2 f6 6. c4 dxc4 7. Nxc4 O-O-O 8.
Qb3 e5 9. Be3 Bb4+ 10. Kf1 e4 11. Ng1 f5 12. f3 Bh5 13. fxe4 fxe4 14. Bh3 Bg4
15. Kg2 Nf6 16. Bg5 Qxd4 17. Bxf6 Bxh3+ 18. Nxh3 gxf6 19. Rhd1 Qc5 20. a3 Ba5
21. Nxa5 Qxa5 22. Qe6+ Kb8 23. Qxf6 Rhf8 24. Rxd8+ Rxd8 25. Nf4 Qe5 26. Qxe5
Nxe5 27. Rc1 Rd2 28. Rc5 Nd3 29. Rh5 Nxf4+ 30. gxf4 Rxe2+ 31. Kg3 Rxb2 32. f5
Kc8 33. Rxh7 e3 34. f6 Rf2 35. f7 Kd8 36. h4 Rf6 37. h5 e2 38. Rh8+ Ke7 39. Re8+
Kxf7 40. Rxe2 Ra6 41. Re3 Kf6 42. Rc3 c6 43. h6 Kg6 44. Kf4 Kxh6 45. Ke5 Ra5+
46. Kd6 Kg5 47. Kc7 Rb5 48. a4 Rb4 49. a5 a6 50. Rf3 c5 51. Kd6 Rb5 52. Rf7 Kg6
53. Rc7 c4 54. Kd7 Kf5 55. Kc8 Rxa5 56. Kxb7 Ra4 57. Kc6 Ke4 58. Rh7 Kd3 59.
Rh3+ Kc2 60. Kd5 c3 0-1